Statistics for Countries by Word

Click here to take the quiz!

General Stats

  • This quiz has been taken 356 times
    (214 since last reset)
  • The average score is 20 of 25

Answer Stats

WordCountry% Correct
SouthSouth Korea
98%
NorthNorth Korea
97%
UnitedUnited States
97%
GuineaPapua New Guinea
93%
GuineaGuinea
92%
UnitedUnited Arab Emirates
91%
SouthSouth Sudan
89%
GuineaGuinea-Bissau
88%
UnitedUnited Kingdom
88%
IslandsMarshall Islands
87%
RepublicDemocratic Republic of the Congo
86%
IslandsSolomon Islands
86%
GuineaEquatorial Guinea
85%
SouthSouth Africa
83%
AndAntigua and Barbuda
82%
NorthNorth Macedonia
82%
RepublicRepublic of the Congo
81%
AndTrinidad and Tobago
81%
AndSaint Kitts and Nevis
77%
AndSaint Vincent and the Grenadines
74%
RepublicDominican Republic
70%
RepublicCzech Republic
65%
AndBosnia and Herzegovina
60%
AndSão Tomé and Príncipe
59%
RepublicCentral African Republic
49%

Score Distribution

Percentile by Number Answered

Percent of People with Each Score

Your Score History

You have not taken this quiz since the last reset